A Problem Solving Approach to Mathematics (Record no. 302028)

MARC details
000 -LEADER
fixed length control field 00354pam a2200121a 44500
008 - FIXED-LENGTH DATA ELEMENTS--GENERAL INFORMATION
fixed length control field 230405s1998 xxu||||| |||| 00| 0 eng d
041 ## - LANGUAGE CODE
Language code of text/sound track or separate title ENG
100 ## - MAIN ENTRY--PERSONAL NAME
Personal name Billstein Libeskind Loti
245 ## - TITLE STATEMENT
Title A Problem Solving Approach to Mathematics
260 ## - PUBLICATION, DISTRIBUTION, ETC.
Place of publication, distribution, etc.
Name of publisher, distributor, etc. A odison-Wesley :An imprint of Addison Wesley Longaman Inc
Date of publication, distribution, etc. 1998
300 ## - PHYSICAL DESCRIPTION
Extent 916
906 ## - LOCAL DATA ELEMENT F, LDF (RLIN)
a 11529
Holdings
Withdrawn status Lost status Damaged status Not for loan Collection Home library Current library Shelving location Date acquired Source of acquisition Cost, normal purchase price Total Checkouts Barcode Date last seen Price effective from Koha item type
          Matoshri Bayabai Shripatrao Kadam Kanya Mahavidyalaya, Kadegaon, Sangli Matoshri Bayabai Shripatrao Kadam Kanya Mahavidyalaya, Kadegaon, Sangli   05/04/2011 Book BAR D\19\220 Nandnvan Appt Nava Vadaj 2908.00   KVK-YCX00129 18/04/2023 18/04/2023 Book